Death in Captivity (Record no. 1939)

000 -LEADER
fixed length control field 00535nam a22001937a 4500
005 - DATE AND TIME OF LATEST TRANSACTION
control field 20210419073314.0
008 - FIXED-LENGTH DATA ELEMENTS--GENERAL INFORMATION
fixed length control field 210221s1968 ||||| |||| 00| 0 eng d
040 ## - CATALOGING SOURCE
Transcribing agency DlC
Original cataloging agency eng
041 ## - LANGUAGE CODE
Language code of text/sound track or separate title eng
080 ## - UNIVERSAL DECIMAL CLASSIFICATION NUMBER
Universal Decimal Classification number 821.111
Item number G-45
100 ## - MAIN ENTRY--PERSONAL NAME
Personal name Gilbert Michael
9 (RLIN) 1025
245 ## - TITLE STATEMENT
Title Death in Captivity
Statement of responsibility, etc. / by: Lancer Books
260 ## - PUBLICATION, DISTRIBUTION, ETC.
Place of publication, distribution, etc. New York
Name of publisher, distributor, etc. Lancer Books
Date of publication, distribution, etc. 1968
300 ## - PHYSICAL DESCRIPTION
Extent 351 p.
365 ## - TRADE PRICE
Price amount 0.75 usd
650 #0 - SUBJECT ADDED ENTRY--TOPICAL TERM
9 (RLIN) 247
Topical term or geographic name entry element English literature
653 ## - INDEX TERM--UNCONTROLLED
Uncontrolled term ინგლისური ლიტერატურა
942 ## - ADDED ENTRY ELEMENTS (KOHA)
Source of classification or shelving scheme
Koha item type Books
Holdings
Withdrawn status Lost status Source of classification or shelving scheme Damaged status Not for loan Permanent location Current location Date acquired Inventory number Total Checkouts Full call number Barcode Date last seen Price effective from Koha item type
          Ken Walker International University Ken Walker International University 03/04/2021 2033   821.111 G-45 2033 03/04/2021 03/04/2021 Books

Powered by Koha